| 000 | 00824cab a2200217 4500 | ||
|---|---|---|---|
| 001 | WB2836-17 | ||
| 008 | 090401t1992 xxu||||| |||| 00| 0 eng d | ||
| 035 | _a(Sirsi) u12509 | ||
| 041 | _aeng | ||
| 245 | _aCompany reports on green action | ||
| 260 | _c1992 | ||
| 350 | _a0 | ||
| 490 |
_aFinancial Times _v16 September 1992, 12&15(2) |
||
| 520 | _aCompanies should be required to publish details of their environmental policies and their performance in meeting `green` objectives according to a report published by the environmental research group of the Institute of Chartered Accountants "Business accountancy and the Environment". | ||
| 650 | _aANNUAL REPORTS | ||
| 650 | _aENVIRONMENTAL POLICIES | ||
| 650 | _aGREEN ISSUES | ||
| 690 | _aENVIRONMENTAL AND LAND CONSULTANCY | ||
| 942 | _n0 | ||
| 948 | _c04/03/1997 | ||
| 999 |
_c7994 _d7994 |
||